| 000 | 00576nam a22002057a 4500 | ||
|---|---|---|---|
| 005 | 20251108175341.0 | ||
| 008 | 250721s2013 xx 000 0 ara d | ||
| 082 | 1 | 4 | _aط/604/كيف |
| 100 | 1 |
_aالحطاب، مؤنس _eمشرف |
|
| 245 | 1 | 0 | _aكيف يعمل ؟ / |
| 264 | 1 |
_aعمان : _bألف باء تاء، _c2013. |
|
| 300 | _a6ج. | ||
| 490 | 0 | _aالمعرفة | |
| 650 | 1 | 7 | _aالتكنولوجيا |
| 650 | 1 | 7 | _aالتعلم |
| 650 | 1 | 7 | _aالأطفال |
| 653 | _aمرحلة ناشؤون صغار(10-14) سنة | ||
| 942 |
_2ddc _cBK |
||
| 999 |
_c132083 _d132083 |
||